| 000 | 00538nam a2200193Ia 4500 | ||
|---|---|---|---|
| 003 | GCL | ||
| 005 | 20240530103622.0 | ||
| 008 | 140319s9999 xx 000 0 ara d | ||
| 040 |
_aGCL / _cGCL |
||
| 082 | 0 | 4 |
_a161 _bم م |
| 100 | 1 | _aمحمد محمد قاسم | |
| 245 | 1 | 0 |
_aالمدخل الى فلسفة العلوم / _cمحمد محمد قاسم |
| 300 | _a361 | ||
| 490 |
_aكتاب _v0 |
||
| 650 | 0 | 4 | _aالقياس المنطقى |
| 650 | 0 | 4 | _aفلسفة العلوم |
| 650 | 0 | 4 | _aمناهج العلوم |
| 942 |
_2ddc _cBK |
||
| 999 |
_c41219 _d41219 |
||